000 00436nam a22001577a 4500
999 _c2791
_d2791
005 20181018163328.0
008 181018b ||||| |||| 00| 0 eng d
040 _cDLC
082 _a226.5
_bH3181G
100 _aHarrison, Norman B
245 _aThe Gospel of John;
_bA Study Book
_cNorman B. Harrison
260 _aMinneapolis
_bThe Harrison Service
_c1938
300 _a40p,;
650 _aBible-Gospel of John
_xBible
942 _2ddc
_cBK